Statistiques concernant Moyens de transport

Cliquez ici pour prendre le quiz!

Statistiques générales

  • Ce quiz a été pris 162 fois
  • Le résultat moyen est 14 sur 110

Statistiques - réponses

Réponse% Correct
Voiture
95%
Vélo
88%
Train
85%
Bus
80%
Moto
70%
Bateau
61%
Car
49%
Roller
46%
Camion
45%
Scooter
45%
Tramway
45%
Hélicoptère
39%
Skateboard
35%
Jet
34%
Ski
27%
Cheval
22%
Taxi
22%
Parachute
21%
Fusée
17%
Montgolfière
17%
Voilier
17%
Kayak
14%
Mobylette
14%
Quad
14%
Snowboard
14%
Tricycle
14%
Barque
13%
Deltaplane
13%
Canoe
12%
Luge
11%
Paquebot
11%
Parapente
11%
Surf
11%
Tracteur
11%
RER
10%
Télésiège
10%
Yacht
10%
Ane
9%
Chameau
9%
Sous-marin
9%
Tandem
9%
Camping car
8%
Limousine
8%
Radeau
8%
Uber
8%
VTT
8%
4x4
7%
Navette
7%
Catamaran
6%
Fourgon
6%
Tuk tuk
6%
ULM
6%
Dirigeable
5%
Elephant
5%
Ferry
5%
Funiculaire
5%
Méteo
5%
Patin à roulette
5%
Péniche
5%
Moto neige
4%
Planche à voile
4%
Traineau
4%
Vespa
4%
Ambulance
3%
Ballon
3%
Calèche
3%
Hydravion
3%
Jeep
3%
Segway
3%
Télécabine
3%
Ascenseur
2%
Bateau-mouche
2%
Buggy
2%
Camion de pompier
2%
Diligence
2%
Draisienne
2%
Escalator
2%
Pirogue
2%
Pousse pousse
2%
Poussette
2%
Tire-fesse
2%
Vaisseau spatial
2%
Voiture de police
2%
Zeppelin
2%
Zodiac
2%
Bobsleigh
1%
Cabriolet
1%
Caravelle
1%
Fiacre
1%
Jonque
1%
Soucoupe volante
1%
Aéroglisseur
0%
Biplan
0%
Coco-taxi
0%
Cyclo pousse
0%
Felouque
0%
Galère
0%
Goélette
0%
Gondole
0%
Gyropode
0%
Landau
0%
Monorail
0%
Omnibus
0%
Rickshaw
0%
Rosalie
0%
Téléportation
0%
Yole
0%

Distribution des résultats

Percentile par nombre de réponses

% des personnes avec chaque résultat

Votre développement - résultats

Vous n’avez pas pris ce quiz